| 000 | 00616nac a22001811u 4500 | ||
|---|---|---|---|
| 020 | _a1842051806 | ||
| 082 | _a032 | ||
| 090 |
_c1606 _d1606 |
||
| 100 | _a20080729 | ||
| 245 | 0 | 0 | _aWebster's reference library concise edition encyclopedia. |
| 260 |
_aScotland : _bGeddes & Grosset,2002 _c2002. |
||
| 300 |
_a384 p. : _billus. ; _c21 cm. |
||
| 650 | _aEncyclopedias and dictionaries. | ||
| 655 | _aEncyclopaedias | ||
| 740 | _aConcise encyclopedia | ||
| 942 |
_cNB _k032 |
||
| 999 |
_c1606 _d1606 |
||